000 00530 a2200205 4500
005 20260128110216.0
008 260127b |||||||| |||| 00| 0 eng d
020 _a9781837673865
_c£ 75.00
040 _aMAIN
082 _a541.3
_bA53C(2)
100 _aAtkins, Peter
245 _aConcepts in physical chemistry
250 _a2nd
260 _bRoyal Society of Chemistry
_c2024
_aCroydon
300 _ax, 384
650 _aChemistry
650 _aPhysical Chemistry
650 _aChemical Thermodynamics
942 _cBK
999 _c394574
_d394574